[Event "Goodricke op 03rd"]
[Site "Kolkata"]
[Date "1992.??.??"]
[Round "4"]
[White "Ravi, Lanka"]
[Black "Srinivasa, Raghavan K"]
[Result "1-0"]
[WhiteElo "2370"]
[BlackElo "2280"]
[PlyCount "67"]
[EventDate "1992.01.??"]
[EventType "swiss"]
[EventRounds "11"]
[EventCountry "IND"]
[SourceTitle "CBM 027 Extra"]
[Source "ChessBase"]
[SourceDate "1992.05.01"]
[SourceVersion "1"]
[SourceVersionDate "1992.05.01"]
[SourceQuality "1"]

1. d4 Nf6 2. c4 g6 3. Nc3 Bg7 4. e4 d6 5. Be2 0-0 6. Nf3 e5 7. 0-0 Nc6 8. d5 Ne7 9. Ne1 Nd7 10. Nd3 f5 11. Bd2 Nf6 12. f3 h5 13. Rc1 f4 14. c5 g5 15. cxd6 cxd6 16. Nb5 Ne8 17. a4 Ng6 18. h3 Rf7 19. Qb3 Qb6+ 20. Nf2 Bf8 21. Rc2 Bd7 22. a5 Qd8 23. Rfc1 Bxb5 24. Qxb5 Re7 25. a6 b6 26. Be1 Nf6 27. Rc3 Nh4 28. Qa4 Kh8 29. Qc2 Ng6 30. Rc8 Qxc8 31. Qxc8 Rxc8 32. Rxc8 Ng8 33. Bb4 Kg7 34. Ra8 1-0